000 00503nam a2200181Ia 4500
005 20250508153249.0
008 008 250505s9999 xx 000 0 eng d
037 _aTextual
040 _aFEDL
_beng
_cFEDL
041 _aeng
_2eng
084 _a371.393, SMI
_qFEDL
100 _aSmith Julian W et. al
_9763562
245 0 _aOutdoor education
260 _aEnglewood Cliffs
_b Prentice-Hall
_c1963
300 _aix,322p.
942 _cTEXL
_h371.393, SMI
999 _c1341607
_d1341607